[Event "Santa Margalida Mallorca-ch"]
[Site "Santa Margalida"]
[Date "2016.12.02"]
[Round "7"]
[White "Llado Jaume, Jaume"]
[Black "Cerdo Fernandez, Miguel"]
[Result "0-1"]
[WhiteElo "1614"]
[BlackElo "1907"]
[PlyCount "99"]
[EventDate "2016.11.11"]
[EventType "swiss"]
[EventRounds "8"]
[EventCountry "ESP"]
[SourceTitle "EXT 2018"]
[Source "ChessBase"]
[SourceDate "2017.10.13"]
[SourceVersion "1"]
[SourceVersionDate "2017.10.13"]
[SourceQuality "1"]

1. d4 e6 2. c4 Nf6 3. Nf3 b6 4. g3 Bb7 5. Bg2 Be7 6. 0-0 0-0 7. Nc3 d5 8. Ne5 c6 9. cxd5 cxd5 10. e3 Nc6 11. Nxc6 Bxc6 12. Bd2 Rc8 13. Rc1 Qd7 14. a3 Rc7 15. Qe2 Rfc8 16. Rfd1 Ne4 17. f3 Nxc3 18. Rxc3 Bb5 19. Rxc7 Rxc7 20. Qe1 Rc2 21. b4 Qc7 22. Rc1 Rxc1 23. Qxc1 Qxc1+ 24. Bxc1 Kf8 25. Bf1 Bxf1 26. Kxf1 Ke8 27. Ke2 Kd7 28. Kd3 Kc6 29. Kc3 b5 30. e4 dxe4 31. fxe4 f5 32. Kd3 h5 33. h4 Bd8 34. Bf4 a5 35. Bd2 axb4 36. axb4 Be7 37. e5 Kd5 38. Be1 g5 39. hxg5 Bxg5 40. Bf2 f4 41. Be1 fxg3 42. Bxg3 h4 43. Bh2 h3 44. Bg3 Be7 45. Kc3 Bh4 46. Bh2 Bf2 47. Kd3 Bxd4 48. Ke2 Bxe5 49. Bxe5 Kxe5 50. Kf2 0-1